[Event "DEN-chT 1213"]
[Site "Denmark"]
[Date "2012.10.28"]
[Round "2.4"]
[White "Naes, Flovin Tor"]
[Black "Veng, Johny"]
[Result "1-0"]
[WhiteElo "2271"]
[BlackElo "2239"]
[PlyCount "95"]
[EventDate "2012.10.27"]
[EventType "team-tourn"]
[EventRounds "9"]
[EventCountry "DEN"]
[SourceTitle "EXT 2014"]
[Source "ChessBase"]
[SourceDate "2013.11.20"]
[SourceVersion "1"]
[SourceVersionDate "2013.11.20"]
[SourceQuality "1"]
[WhiteTeam "Valby K41"]
[BlackTeam "Nordre"]
[WhiteTeamCountry "DEN"]
[BlackTeamCountry "DEN"]

1. d4 Nf6 2. Nf3 g6 3. c4 Bg7 4. g3 d5 5. cxd5 Nxd5 6. Bg2 Nb6 7. 0-0 Nc6 8. e3 0-0 9. Nc3 Re8 10. Qc2 a5 11. Rd1 Bf5 12. e4 Bg4 13. Nb5 Bxf3 14. Bxf3 Nxd4 15. Nxd4 Bxd4 16. e5 c5 17. Bxb7 Rb8 18. Bc6 Rf8 19. Be3 Nd5 20. Bxd4 cxd4 21. Qe4 e6 22. Qxd4 Rb4 23. Qc5 Qc7 24. Qd6 Qxd6 25. exd6 Rxb2 26. Bxd5 exd5 27. Rxd5 Rd8 28. a4 Rb4 29. Kf1 Kg7 30. Ra2 Kf6 31. h4 h5 32. Rxa5 Rxd6 33. Rc5 Rdd4 34. a5 Ra4 35. Rcc2 Rd1+ 36. Ke2 Ra1 37. Rxa1 Rxa1 38. Rc5 Ra3 39. Kd2 Kg7 40. Kc2 Ra2+ 41. Kb3 Rxf2 42. a6 Re2 43. Ra5 Re8 44. a7 Ra8 45. Kc4 Kf6 46. Kc5 Kf5 47. Kb6+ Kg4 48. Rg5+ 1-0

[Event "DEN-chT 1112 50th"]
[Site "Denmark"]
[Date "2012.01.14"]
[Round "4.7"]
[White "Naes, Flovin Tor"]
[Black "Holmsgaard, Henrik"]
[Result "1-0"]
[WhiteElo "2260"]
[BlackElo "2320"]
[PlyCount "103"]
[EventDate "2011.10.29"]
[EventType "team-tourn"]
[EventRounds "9"]
[EventCountry "DEN"]
[SourceTitle "EXT 2013"]
[Source "ChessBase"]
[SourceDate "2012.11.22"]
[SourceVersion "1"]
[SourceVersionDate "2012.11.22"]
[SourceQuality "1"]
[WhiteTeam "Valby K41"]
[BlackTeam "Bronshoj"]
[WhiteTeamCountry "DEN"]
[BlackTeamCountry "DEN"]

1. d4 d5 2. c4 c6 3. Nf3 Nf6 4. e3 e6 5. Nc3 Nbd7 6. Bd3 dxc4 7. Bxc4 b5 8. Bd3 Bd6 9. 0-0 0-0 10. e4 e5 11. Bg5 Re8 12. d5 cxd5 13. Bxb5 d4 14. Nd5 Be7 15. Bxf6 Bxf6 16. Rc1 Rf8 17. Qe2 Nb6 18. Nc7 Rb8 19. Na6 Bxa6 20. Bxa6 Na4 21. Bb5 Qa5 22. Bxa4 Qxa4 23. b3 Qa3 24. Rc2 Rfc8 25. Qd2 Rxc2 26. Qxc2 Rd8 27. Rd1 Qa5 28. g3 Be7 29. Ne1 Bb4 30. Nd3 h6 31. Qc4 Bc3 32. b4 Qa4 33. Rb1 Qc2 34. Rc1 Qd2 35. Rf1 Re8 36. Qb5 Re7 37. Nxe5 Qxa2 38. Qc5 Qe6 39. Nc6 Rd7 40. Nxa7 Kh7 41. b5 Qxe4 42. b6 f5 43. Nb5 Qe6 44. Nc7 Qe4 45. b7 Rd8 46. Qb5 Rb8 47. Rb1 Be1 48. Na6 d3 49. Qb6 Bxf2+ 50. Qxf2 d2 51. Rf1 Rxb7 52. Nc5 1-0

[Event "DEN 75th Ann"]
[Site "Copenhagen"]
[Date "2010.02.19"]
[Round "8"]
[White "Naes, Flovin Tor"]
[Black "Jorgensen, Rasmus"]
[Result "0-1"]
[WhiteElo "2262"]
[BlackElo "2015"]
[PlyCount "72"]
[EventDate "2010.02.15"]
[EventType "swiss"]
[EventRounds "9"]
[EventCountry "DEN"]
[SourceTitle "CBM 134 Extra"]
[Source "ChessBase"]
[SourceDate "2010.03.03"]
[SourceVersion "1"]
[SourceVersionDate "2010.03.03"]
[SourceQuality "1"]

1. e4 g6 2. d4 Bg7 3. Nc3 d6 4. Be3 a6 5. Qd2 Nd7 6. f3 b5 7. a3 Bb7 8. Nh3 Rc8 9. Be2 c5 10. 0-0 cxd4 11. Bxd4 Ngf6 12. a4 b4 13. Nd1 a5 14. b3 0-0 15. Nb2 e5 16. Bf2 d5 17. exd5 Nxd5 18. Nc4 Nc5 19. Rae1 Qc7 20. Bg3 Rcd8 21. Nf2 Nc3 22. Qe3 Nxe2+ 23. Qxe2 f6 24. Nd1 Rd7 25. Ndb2 Ne6 26. Rd1 Nd4 27. Qf2 Rfd8 28. Rfe1 Ba6 29. Kh1 Nf5 30. Rb1 Nxg3+ 31. hxg3 Bf8 32. Qe2 Bc5 33. Qe4 Rd4 34. Qe2 Qg7 35. Nd3 Qh6+ 36. Kg1 Rxd3+ 0-1

[Event "DEN-chT 0910 48th"]
[Site "Denmark"]
[Date "2009.12.06"]
[Round "3.8"]
[White "Naes, Flovin Tor"]
[Black "Houlberg, Kim"]
[Result "1/2-1/2"]
[WhiteElo "2262"]
[BlackElo "2047"]
[PlyCount "72"]
[EventDate "2009.11.07"]
[EventType "team-tourn"]
[EventRounds "9"]
[EventCountry "DEN"]
[SourceTitle "EXT 2023"]
[Source "ChessBase"]
[SourceDate "2022.10.05"]
[SourceVersion "1"]
[SourceVersionDate "2022.10.05"]
[SourceQuality "1"]
[WhiteTeam "Copenhagen K41"]
[BlackTeam "Aalborg"]
[WhiteTeamCountry "DEN"]
[BlackTeamCountry "DEN"]

1. d4 Nf6 2. c4 e6 3. g3 Bb4+ 4. Bd2 Be7 5. Bg2 d5 6. Nf3 0-0 7. Nc3 b6 8. Ne5 Bb7 9. Qa4 c5 10. dxc5 bxc5 11. 0-0 Qb6 12. cxd5 exd5 13. Rfd1 d4 14. Nc4 Qc7 15. Nb5 Qd7 16. Bxb7 Qxb7 17. Bf4 Nd5 18. Nbd6 Qc7 19. Nb5 Qd7 20. Ne5 Qe6 21. Qb3 g5 22. e4 Nxf4 23. gxf4 Rc8 24. Qg3 f6 25. Ng4 a6 26. f5 Qd7 27. Na3 h5 28. Ne3 Bd6 29. Nd5 Bxg3 30. Nxf6+ Kf7 31. Nxd7 Bxh2+ 32. Kxh2 Nxd7 33. Nc4 Kf6 34. Re1 Re8 35. Rac1 Rab8 36. b3 Ne5 1/2-1/2

[Event "DEN-chT 0809"]
[Site "Denmark"]
[Date "2009.01.11"]
[Round "5.6"]
[White "Naes, Flovin Tor"]
[Black "Fagerstrom, Bjorn"]
[Result "1-0"]
[WhiteElo "2259"]
[BlackElo "2132"]
[PlyCount "69"]
[EventDate "2008.11.01"]
[EventType "team-tourn"]
[EventRounds "9"]
[EventCountry "DEN"]
[SourceTitle "EXT 2023"]
[Source "ChessBase"]
[SourceDate "2022.10.05"]
[SourceVersion "1"]
[SourceVersionDate "2022.10.05"]
[SourceQuality "1"]
[WhiteTeam "Copenhagen K41"]
[BlackTeam "Helsingor"]
[WhiteTeamCountry "DEN"]
[BlackTeamCountry "DEN"]

1. c4 Nf6 2. Nf3 c6 3. d4 d5 4. e3 e6 5. Nc3 Nbd7 6. Bd3 dxc4 7. Bxc4 b5 8. Bb3 Bb7 9. 0-0 a6 10. e4 b4 11. e5 Nd5 12. Ne4 h6 13. Nfd2 N5b6 14. Bxe6 Nxe5 15. dxe5 fxe6 16. Qh5+ Kd7 17. Qf7+ Qe7 18. Nc5+ Kc8 19. Qxe7 Bxe7 20. Nxe6 g5 21. Nb3 Nd7 22. f4 gxf4 23. Bxf4 a5 24. Rac1 Rg8 25. Bg3 Rg6 26. Nf4 Rg4 27. Nd3 a4 28. Nbc5 Nxc5 29. Nxc5 Bxc5+ 30. Rxc5 Kc7 31. e6+ Kb6 32. Re5 c5 33. e7 Re8 34. Re6+ Kb5 35. Rf8 1-0

[Event "DEN-chT 0607"]
[Site "Denmark"]
[Date "2007.01.13"]
[Round "4.8"]
[White "Hjorth, Torben"]
[Black "Naes, Flovin Tor"]
[Result "1/2-1/2"]
[WhiteElo "2158"]
[BlackElo "2227"]
[PlyCount "110"]
[EventDate "2006.11.04"]
[EventType "team-tourn"]
[EventRounds "9"]
[EventCountry "DEN"]
[SourceTitle "EXT 2023"]
[Source "ChessBase"]
[SourceDate "2022.10.05"]
[SourceVersion "1"]
[SourceVersionDate "2022.10.05"]
[SourceQuality "1"]
[WhiteTeam "Aalborg"]
[BlackTeam "Copenhagen K41"]
[WhiteTeamCountry "DEN"]
[BlackTeamCountry "DEN"]

1. e4 e5 2. Nf3 Nc6 3. Bb5 Nf6 4. d3 d6 5. c3 a6 6. Ba4 b5 7. Bc2 Be7 8. 0-0 0-0 9. Re1 Bg4 10. Nbd2 Nb8 11. Nf1 c5 12. h3 Bh5 13. Ng3 Bg6 14. Nh4 Re8 15. Nhf5 Bf8 16. Qf3 Qc7 17. Bg5 Nfd7 18. h4 f6 19. Bd2 Bf7 20. h5 Nc6 21. Qg4 Kh8 22. Nh4 Ne7 23. Ngf5 Nxf5 24. exf5 h6 25. Re3 Nb6 26. Rg3 Ra7 27. Re1 d5 28. Ng6+ Bxg6 29. hxg6 Kg8 30. Qh5 Qd7 31. Bb3 c4 32. Bc2 Nc8 33. dxc4 bxc4 34. b3 Nd6 35. bxc4 Nxc4 36. Bc1 Rc8 37. Rd1 Qc6 38. Bb3 Rd7 39. Qe2 Na5 40. Rgd3 Nxb3 41. axb3 a5 42. Qa2 e4 43. Rh3 Qb5 44. Ba3 Bxa3 45. Qxa3 Qe2 46. Rf1 Qg4 47. Qxa5 Qxf5 48. Rg3 h5 49. Rd1 Rcd8 50. Rd4 h4 51. Rh3 Qg5 52. c4 Qc1+ 53. Kh2 Qf4+ 54. Kg1 Qc1+ 55. Kh2 Qf4+ 1/2-1/2

[Event "Valby K41 op 0607"]
[Site "Valby"]
[Date "2006.12.05"]
[Round "3"]
[White "Akdag, Dara Sevkan"]
[Black "Naes, Flovin Tor"]
[Result "0-1"]
[WhiteElo "1910"]
[BlackElo "2227"]
[PlyCount "48"]
[EventDate "2006.11.14"]
[EventType "swiss"]
[EventRounds "9"]
[EventCountry "DEN"]
[SourceTitle "EXT 2018"]
[Source "ChessBase"]
[SourceDate "2017.10.13"]
[SourceVersion "1"]
[SourceVersionDate "2017.10.13"]
[SourceQuality "1"]

1. d4 d5 2. c4 e6 3. Nc3 c5 4. cxd5 exd5 5. Nf3 Nc6 6. e3 Nf6 7. Bd3 Bg4 8. 0-0 Be7 9. dxc5 Bxc5 10. Be2 0-0 11. Nb5 Ne4 12. Nfd4 Bxe2 13. Nxe2 Qb6 14. Nbd4 Rfd8 15. b3 Bxd4 16. exd4 Rac8 17. f3 Nd6 18. Ba3 Nf5 19. Bc5 Qa6 20. Qd2 b6 21. g4 Nh4 22. f4 bxc5 23. f5 Re8 24. Ng3 Nxd4 0-1

[Event "Valby CorpSoft Nordic"]
[Site "Valby"]
[Date "2006.04.28"]
[Round "7"]
[White "Lund, Silas Esben"]
[Black "Naes, Flovin Tor"]
[Result "0-1"]
[WhiteElo "2319"]
[BlackElo "2273"]
[PlyCount "50"]
[EventDate "2006.04.22"]
[EventType "tourn"]
[EventRounds "9"]
[EventCountry "DEN"]
[SourceTitle "EXT 2018"]
[Source "ChessBase"]
[SourceDate "2017.10.13"]
[SourceVersion "1"]
[SourceVersionDate "2017.10.13"]
[SourceQuality "1"]

1. d4 f5 2. Nc3 d5 3. Nh3 Nf6 4. f3 e6 5. Bf4 Bd6 6. e3 0-0 7. Qd2 a6 8. Bd3 c5 9. dxc5 Bxc5 10. 0-0-0 Nc6 11. Bg5 h6 12. Bh4 b5 13. e4 Qb6 14. Bf2 d4 15. Ne2 fxe4 16. fxe4 e5 17. Ng3 Be6 18. Kb1 Rac8 19. b3 Nb4 20. Qc1 Nxa2 21. Kxa2 Qa5+ 22. Kb1 Ba3 23. Be1 Rc3 24. Qd2 Bxb3 25. Qxc3 Ba2+ 0-1

[Event "Valby CorpSoft Nordic"]
[Site "Valby"]
[Date "2006.04.26"]
[Round "5"]
[White "Bekker Jensen, Simon"]
[Black "Naes, Flovin Tor"]
[Result "1/2-1/2"]
[WhiteElo "2398"]
[BlackElo "2273"]
[PlyCount "103"]
[EventDate "2006.04.22"]
[EventType "tourn"]
[EventRounds "9"]
[EventCountry "DEN"]
[SourceTitle "EXT 2018"]
[Source "ChessBase"]
[SourceDate "2017.10.13"]
[SourceVersion "1"]
[SourceVersionDate "2017.10.13"]
[SourceQuality "1"]

1. d4 Nf6 2. c4 e6 3. Nc3 Bb4 4. e3 b6 5. Nge2 Ne4 6. f3 Nxc3 7. bxc3 Be7 8. Ng3 Ba6 9. Bd3 Nc6 10. 0-0 Na5 11. Qe2 d6 12. Ne4 Qd7 13. Nd2 Qa4 14. e4 c5 15. Bb2 Rc8 16. d5 e5 17. g3 h5 18. f4 Bf6 19. Nb3 Bxc4 20. Nxa5 Bxd3 21. Qxd3 c4 22. Qf3 Qxa5 23. fxe5 dxe5 24. a4 Qc5+ 25. Kg2 h4 26. g4 h3+ 27. Kh1 Qc7 28. Qf5 Qd7 29. g5 Qxf5 30. Rxf5 Be7 31. Rxe5 Kd7 32. Rf1 f6 33. Rxe7+ Kxe7 34. Ba3+ Kd7 35. gxf6 gxf6 36. Rxf6 Rce8 37. Rf7+ Kd8 38. Rf4 Rh5 39. Kg1 Rhe5 40. Rf7 Rxe4 41. Rxa7 Re1+ 42. Kf2 R8e2+ 43. Kg3 Re3+ 44. Kg4 Rxc3 45. Bb4 Re4+ 46. Kf5 Rce3 47. d6 Rd4 48. a5 bxa5 49. Bxa5+ Ke8 50. Bb4 Rd5+ 51. Kf6 Rd1 52. Rc7 1/2-1/2

[Event "Valby CorpSoft Nordic"]
[Site "Valby"]
[Date "2006.04.22"]
[Round "1"]
[White "Pedersen, Henrik Dahl"]
[Black "Naes, Flovin Tor"]
[Result "1-0"]
[WhiteElo "2162"]
[BlackElo "2273"]
[PlyCount "173"]
[EventDate "2006.04.22"]
[EventType "tourn"]
[EventRounds "9"]
[EventCountry "DEN"]
[SourceTitle "EXT 2018"]
[Source "ChessBase"]
[SourceDate "2017.10.13"]
[SourceVersion "1"]
[SourceVersionDate "2017.10.13"]
[SourceQuality "1"]

1. e4 e5 2. Nf3 Nc6 3. Bb5 a6 4. Bxc6 dxc6 5. 0-0 f6 6. d4 exd4 7. Qxd4 Qxd4 8. Nxd4 c5 9. Nb3 Bd6 10. Be3 b6 11. Nc3 Bb7 12. Nd5 Ne7 13. Rad1 Nxd5 14. exd5 0-0-0 15. c4 c6 16. dxc6 Bxc6 17. Rd2 Be5 18. f4 Rxd2 19. Nxd2 Bc7 20. g3 h5 21. Nf3 Rd8 22. Kf2 a5 23. Rc1 a4 24. Ke2 Be4 25. Kf2 Kb7 26. Nd2 Bf5 27. Nf3 Kc6 28. Ke2 Be4 29. Kf2 Rd6 30. Nd2 Bd3 31. Nf3 Re6 32. Ne1 Be4 33. Nf3 Bd8 34. Nd2 Bh7 35. Nf3 Bg8 36. Rd1 Re8 37. Rc1 Be7 38. Nd2 g5 39. Rc3 g4 40. Rc1 f5 41. Rc3 Bf6 42. Rc2 Bf7 43. Nf1 Re4 44. Nd2 Re7 45. Nf1 Bd4 46. Ke2 b5 47. b3 bxc4 48. bxc4 Rb7 49. Kd3 Rb1 50. Rc1 Rb2 51. Bxd4 cxd4 52. Kxd4 Rxa2 53. Ne3 Be6 54. Nc2 Rb2 55. Kc3 Rb3+ 56. Kd4 Bd7 57. Ra1 Rb2 58. Ne3 Rd2+ 59. Kc3 Rxh2 60. Rxa4 Rh3 61. Ra6+ Kb7 62. Rd6 Kc7 63. Rd3 Be6 64. Ng2 Rh1 65. Nh4 Rc1+ 66. Kd4 Rxc4+ 67. Ke5 Re4+ 68. Kf6 Bd7 69. Nxf5 Re6+ 70. Kg5 Rc6 71. Nh4 Rc5+ 72. f5 Ra5 73. Kg6 Rb5 74. f6 Rb6 75. Kg7 Be6 76. f7 Bxf7 77. Kxf7 Ra6 78. Ke7 Rb6 79. Rc3+ Kb7 80. Nf5 Rb4 81. Kf6 Rb1 82. Kg5 Rf1 83. Nh4 Ra1 84. Kxh5 Ra4 85. Ng6 Ra6 86. Nf4 Ra5+ 87. Kxg4 1-0

[Event "DEN-chT 0506"]
[Site "Denmark"]
[Date "2005.11.20"]
[Round "3.2"]
[White "Naes, Flovin Tor"]
[Black "Brynell, Stellan"]
[Result "0-1"]
[WhiteElo "2281"]
[BlackElo "2496"]
[PlyCount "48"]
[EventDate "2005.11.05"]
[EventType "team-tourn"]
[EventRounds "9"]
[EventCountry "DEN"]
[SourceTitle "EXT 2023"]
[Source "ChessBase"]
[SourceDate "2022.10.05"]
[SourceVersion "1"]
[SourceVersionDate "2022.10.05"]
[SourceQuality "1"]
[WhiteTeam "Foroyar"]
[BlackTeam "Nordkalotten"]
[WhiteTeamCountry "DEN"]
[BlackTeamCountry "DEN"]

1. d4 e6 2. c4 Nf6 3. Nc3 Bb4 4. e3 b6 5. Bd3 Bb7 6. Nge2 0-0 7. 0-0 d5 8. a3 Bd6 9. f3 c5 10. b3 Nc6 11. Bb2 cxd4 12. exd4 Na5 13. Rc1 Rc8 14. Nb5 Bb8 15. c5 a6 16. Nbc3 bxc5 17. dxc5 Qc7 18. b4 Nc4 19. Bxc4 Qxh2+ 20. Kf2 dxc4 21. Rh1 Ng4+ 22. fxg4 Qxg2+ 23. Ke3 Qf3+ 24. Kd4 Qxg4+ 0-1

[Event "Nordea Cup"]
[Site "Dianalund"]
[Date "2005.02.17"]
[Round "6"]
[White "Naes, Flovin Tor"]
[Black "Hovmoller, Kristian"]
[Result "1-0"]
[WhiteElo "2302"]
[BlackElo "2287"]
[PlyCount "67"]
[EventDate "2005.02.12"]
[EventType "tourn"]
[EventRounds "9"]
[EventCountry "DEN"]
[EventCategory "4"]
[SourceTitle "CBM 104 Extra"]
[Source "ChessBase"]
[SourceDate "2005.03.01"]
[SourceVersion "1"]
[SourceVersionDate "2005.03.01"]
[SourceQuality "1"]

1. d4 Nf6 2. Bg5 d5 3. Bxf6 gxf6 4. e3 c6 5. g3 Bf5 6. Bg2 e6 7. Ne2 Nd7 8. b3 Qa5+ 9. c3 Bxb1 10. Qxb1 f5 11. 0-0 Nf6 12. c4 Be7 13. Qc2 0-0 14. a3 b5 15. b4 Qd8 16. c5 Qd7 17. a4 a6 18. Ra2 Ra7 19. Rfa1 Rfa8 20. Nc1 Ne8 21. Bf1 Nc7 22. Ra3 bxa4 23. Qxa4 Rb8 24. Nd3 Bf6 25. Qc2 Rab7 26. Ra4 Kh8 27. Qd2 Qe8 28. Ne1 Qc8 29. Rxa6 Rxb4 30. Rxc6 Qb7 31. Rd6 Ne8 32. Rda6 Rb2 33. Qa5 Bd8 34. Qa4 1-0

[Event "Nordea Cup"]
[Site "Dianalund"]
[Date "2005.02.14"]
[Round "3"]
[White "Olsen, Heini"]
[Black "Naes, Flovin Tor"]
[Result "1-0"]
[WhiteElo "2345"]
[BlackElo "2302"]
[PlyCount "105"]
[EventDate "2005.02.12"]
[EventType "tourn"]
[EventRounds "9"]
[EventCountry "DEN"]
[EventCategory "4"]
[SourceTitle "CBM 104 Extra"]
[Source "ChessBase"]
[SourceDate "2005.03.01"]
[SourceVersion "1"]
[SourceVersionDate "2005.03.01"]
[SourceQuality "1"]

1. Nf3 d5 2. d4 Nf6 3. c4 dxc4 4. e3 e6 5. Bxc4 c5 6. 0-0 a6 7. a4 Nc6 8. Qe2 Qc7 9. Rd1 Be7 10. Nc3 0-0 11. h3 Rd8 12. d5 exd5 13. Nxd5 Nxd5 14. Rxd5 Rxd5 15. Bxd5 Bf6 16. e4 Nd4 17. Nxd4 Bxd4 18. Be3 Bxe3 19. Qxe3 Bd7 20. Rc1 Bxa4 21. Rxc5 Bc6 22. Bxc6 bxc6 23. Qc3 Rc8 24. Qc4 Qb7 25. b4 h6 26. e5 Re8 27. Qe4 Rc8 28. f4 Qd7 29. Kh2 Rb8 30. Rxc6 Rxb4 31. Qc2 Rb8 32. Rxa6 Qd4 33. Ra4 Qe3 34. Re4 Qa3 35. Rc4 Rd8 36. Rc7 Qd3 37. Qxd3 Rxd3 38. g4 Rf3 39. Rc4 g5 40. f5 Re3 41. Rc8+ Kh7 42. Re8 Kg7 43. Kg2 Re4 44. Kf2 Rf4+ 45. Ke3 h5 46. f6+ Kh6 47. gxh5 Kxh5 48. Rg8 Rf1 49. Rg7 Re1+ 50. Kd4 Rd1+ 51. Kc5 Kh4 52. Rxf7 Kxh3 53. e6 1-0